Discurso pronunciado por el Presidente de la República de Nicaragua y Coordinador de la Comisión Ejecutiva de la Dirección Nacional del Frente Sandinista de liberación Nacional, Comandante de la Revolución Daniel Ortega Saavedra, en la cuadragésima sesión
Na minha lista:
| Autor principal: | |
|---|---|
| Autor Corporativo: | |
| Formato: | Texto |
| Publicado em: |
Managua:
Dirección de Información y Prensa
|
| Tags: |
Adicionar Tag
Sem tags, seja o primeiro a adicionar uma tag!
|
MARC
| LEADER | 00000 a a2200000 04500 | ||
|---|---|---|---|
| 001 | 21698 | ||
| 003 | |||
| 040 | |||
| 090 | |a 096900 | ||
| 100 | |a Ortega Saavedra, Daniel | ||
| 110 | |a Nicaragua. Presidencia de la República. Dirección de Información y Prensa | ||
| 245 | |a Discurso pronunciado por el Presidente de la República de Nicaragua y Coordinador de la Comisión Ejecutiva de la Dirección Nacional del Frente Sandinista de liberación Nacional, Comandante de la Revolución Daniel Ortega Saavedra, en la cuadragésima sesión | ||
| 260 | |a Managua: |b Dirección de Información y Prensa | ||
| 300 | |a 11 p. | ||
| 999 | |c 6272 |d 6272 | ||
